Zielgruppe Ärzteschaft: Ärzte als inoffizielle Mitarbeiter des Ministeriums für Staatssicherheit der DDR
| Main Author: | |
|---|---|
| Format: | Print Book |
| Language: | German |
| Published: |
Göttingen
V & R unipress
2008
|
| In: |
Berichte und Studien / Hannah-Arendt-Institut für Totalitarismusforschung e.V. an der TU Dresden (54)
Year: 2008 |
| Edition: | 1. Aufl. |
| Online Access: |
Book review (H-Net) Table of Contents Review |
| Check availability: | HBZ Gateway |
| Subito Delivery Service: | Order now. |
| Keywords: |
MARC
| LEADER | 00000cam a2200000 c 4500 | ||
|---|---|---|---|
| 001 | 547642482 | ||
| 003 | DE-627 | ||
| 005 | 20251223214038.0 | ||
| 007 | tu | ||
| 008 | 071026s2008 gw ||||| 00| ||ger c | ||
| 010 | |a 2008380068 | ||
| 015 | |a 07,N45,0215 |2 dnb | ||
| 016 | 7 | |a 986036927 |2 DE-101 | |
| 020 | |a 9783899714234 |c Kt. : ca. EUR 32.90, ca. EUR 33.90 (AT) |9 978-3-89971-423-4 | ||
| 024 | 3 | |a 9783899714234 | |
| 035 | |a (DE-627)547642482 | ||
| 035 | |a (DE-576)274004097 | ||
| 035 | |a (DE-599)DNB986036927 | ||
| 035 | |a (OCoLC)188275026 | ||
| 040 | |a DE-627 |b ger |c DE-627 |e rakwb | ||
| 041 | |a ger | ||
| 044 | |c XA-DE-NI | ||
| 050 | 0 | |a R512.3 | |
| 060 | 0 | |a W 62 | |
| 082 | 0 | |a 610.92 |q LOC |2 22 | |
| 082 | 0 | 4 | |a 360, |
| 084 | |a 360 |2 sdnb | ||
| 084 | |a 8,1 |2 ssgn | ||
| 084 | |a MG 81950 |q BVB |2 rvk |0 (DE-625)rvk/122864:12227 | ||
| 084 | |a MS 6050 |q BVB |2 rvk |0 (DE-625)rvk/123741: | ||
| 084 | |a NQ 6970 |2 rvk |0 (DE-625)rvk/128855: | ||
| 084 | |a 89.40 |2 bkl | ||
| 084 | |a 15.43 |2 bkl | ||
| 084 | |a 89.86 |2 bkl | ||
| 084 | |a 44.04 |2 bkl | ||
| 084 | |a 89.15 |2 bkl | ||
| 084 | |a 15.38 |2 bkl | ||
| 090 | |a a | ||
| 100 | 1 | |a Weil, Francesca |d 1962- |0 (DE-588)122107713 |0 (DE-627)552667072 |0 (DE-576)293095698 |4 aut | |
| 109 | |a Weil, Francesca 1962- | ||
| 245 | 1 | 0 | |a Zielgruppe Ärzteschaft |b Ärzte als inoffizielle Mitarbeiter des Ministeriums für Staatssicherheit der DDR |c Francesca Weil |
| 250 | |a 1. Aufl. | ||
| 264 | 1 | |a Göttingen |b V & R unipress |c 2008 | |
| 300 | |a 308 S. |b graph. Darst. |c 240 mm x 165 mm | ||
| 336 | |a Text |b txt |2 rdacontent | ||
| 337 | |a ohne Hilfsmittel zu benutzen |b n |2 rdamedia | ||
| 338 | |a Band |b nc |2 rdacarrier | ||
| 490 | 1 | |a Berichte und Studien / Hannah-Arendt-Institut für Totalitarismusforschung e.V. |v 54 | |
| 500 | |a Literaturverz. S. 299 - 307 | ||
| 583 | 1 | |a Archivierung/Langzeitarchivierung gewährleistet |f SLG |x XA-DE-BW |z BfZ |2 pdager |5 DE-24 | |
| 583 | 1 | |a Archivierung/Langzeitarchivierung gewährleistet |f PENI |x XA-DE-NI |2 pdager |5 DE-35 | |
| 610 | 1 | 0 | |a Germany (East) |b Ministerium für Staatssicherheit |x History |
| 650 | 0 | |a Informers |z Germany (East) |x History | |
| 650 | 0 | |a Physicians |z Germany (East) |x History | |
| 650 | 0 | |a Germany (East). Ministerium für Staatssicherheit |x History | |
| 650 | 0 | |a Informers |x Germany (East) |x History | |
| 650 | 2 | |a Physicians |a History | |
| 650 | 2 | |a Government agencies |a History | |
| 650 | 2 | |a Germany (East).Ministerium für Staatssicherheit | |
| 689 | 0 | 0 | |d b |0 (DE-588)2065138-7 |0 (DE-627)103545409 |0 (DE-576)192104578 |a Deutschland |g DDR |b Ministerium für Staatssicherheit |2 gnd |
| 689 | 0 | 1 | |d s |0 (DE-588)4248646-4 |0 (DE-627)104792949 |0 (DE-576)21049817X |a Spitzel |2 gnd |
| 689 | 0 | 2 | |d s |0 (DE-588)4003157-3 |0 (DE-627)104544988 |0 (DE-576)208850414 |a Arzt |2 gnd |
| 689 | 0 | 3 | |d s |0 (DE-588)4467623-2 |0 (DE-627)23382748X |0 (DE-576)212741330 |a Anwerbung |2 gnd |
| 689 | 0 | |5 DE-101 | |
| 689 | 1 | 0 | |d b |0 (DE-588)1004740-2 |0 (DE-627)103042563 |0 (DE-576)191158097 |a Biochemische Gesellschaft der Deutschen Demokratischen Republik |2 gnd |
| 689 | 1 | 1 | |d s |0 (DE-588)4202587-4 |0 (DE-627)105157406 |0 (DE-576)21014971X |a Kassenärztliche Versorgung |2 gnd |
| 689 | 1 | 2 | |d s |0 (DE-588)4117389-2 |0 (DE-627)105799688 |0 (DE-576)209509503 |a V-Mann |2 gnd |
| 689 | 1 | |5 (DE-627) | |
| 810 | 2 | |a Hannah-Arendt-Institut für Totalitarismusforschung |t Berichte und Studien / Hannah-Arendt-Institut für Totalitarismusforschung e.V. an der TU Dresden |v 54 |9 54 |w (DE-627)21669485X |w (DE-576)047547936 |w (DE-600)1340251-1 |x 2366-0422 |7 am | |
| 856 | 4 | 2 | |u http://www.gbv.de/dms/hbz/toc/ht015488878.pdf |m V:DE-605 |q pdf/application |v 2008-11-15 |x Verlag |y Inhaltsverzeichnis |3 Inhaltsverzeichnis |7 1 |
| 856 | 4 | 2 | |u http://www.h-net.org/reviews/showrev.php?id=23219 |v 2016-07-13 |x Verlag |y Book review (H-Net) |7 1 |
| 856 | 4 | 2 | |u https://www.hsozkult.de/publicationreview/id/rezbuecher-10666 |m V:DE-576;X:HSozKult |q text/html |v 20180418171720 |3 Rezension |7 1 |
| 935 | |a mkri | ||
| 935 | |i sf | ||
| 935 | |i Blocktest | ||
| 936 | r | v | |a MG 81950 |b Sicherheit (Polizei, Geheimdienste, Verfassungsschutz) |k Politologie |k Politische Systeme einzelner Länder |k Europa, Nordamerika |k Osteuropa (ehem. Ostblock) |k DDR (bis 1990) |k Einzelne politische Sachgebiete |k Sicherheit (Polizei, Geheimdienste, Verfassungsschutz) |0 (DE-627)1271025604 |0 (DE-625)rvk/122864:12227 |0 (DE-576)201025604 |
| 936 | r | v | |a MS 6050 |b Arzt-Patient (Freie Praxis) |k Soziologie |k Spezielle Soziologien |k Medizinsoziologie |k Arzt-Patient (Freie Praxis) |0 (DE-627)1271441330 |0 (DE-625)rvk/123741: |0 (DE-576)201441330 |
| 936 | r | v | |a NQ 6970 |b Einzelbeiträge |k Geschichte |k Geschichte seit 1918 |k Deutsche Geschichte seit 1945 |k Deutsche Demokratische Republik (DDR) (1949 - 1990) |k Einzelbeiträge |0 (DE-627)1270875620 |0 (DE-625)rvk/128855: |0 (DE-576)200875620 |
| 936 | b | k | |a 89.40 |j Innere Beziehungen des Staates: Allgemeines |0 (DE-627)106414100 |
| 936 | b | k | |a 15.43 |j Deutsche Geschichte des 19. Jahrhunderts bis zur Gegenwart |0 (DE-627)181569701 |
| 936 | b | k | |a 89.86 |j Nachrichtendienste |j militärische Nachrichtendienste |0 (DE-627)106413619 |
| 936 | b | k | |a 44.04 |j Ausbildung |j Beruf |j Organisationen |x Medizin |0 (DE-627)106409603 |
| 936 | b | k | |a 89.15 |j Kommunismus |x Politologie |0 (DE-627)106418025 |
| 936 | b | k | |a 15.38 |j Europäische Geschichte nach 1945 |q coli-conc RVK->BK |q https://coli-conc.gbv.de/api/mappings/ca5e71c2-ea45-4983-9498-0aae53095f57 |0 (DE-627)181569671 |
| 951 | |a BO | ||
| ELC | |b 1 | ||
| LOK | |0 000 xxxxxcx a22 zn 4500 | ||
| LOK | |0 001 314405383X | ||
| LOK | |0 003 DE-627 | ||
| LOK | |0 004 547642482 | ||
| LOK | |0 005 20071219171133 | ||
| LOK | |0 008 071119||||||||||||||||ger||||||| | ||
| LOK | |0 040 |a DE-Frei85 |c DE-627 |d DE-Frei85 | ||
| LOK | |0 852 |a DE-Frei85 | ||
| LOK | |0 852 1 |m p |9 00 | ||
| LOK | |0 938 |k p | ||
| LOK | |0 939 |a 19-11-07 |b l01 | ||
| ORI | |a SA-MARC-krimdoka001.raw | ||
| TIM | |a 100019500208_100019530723 |b 1950-02-08 - 1953-07-23 | ||
